[Event "Biel Rapid op 57th"]
[Site "Biel"]
[Date "2024.07.14"]
[Round "1"]
[White "Chappaz, Max"]
[Black "Juksta, Karolis"]
[Result "0-1"]
[WhiteElo "1854"]
[BlackElo "2400"]
[PlyCount "78"]
[EventDate "2024.07.14"]
[EventType "swiss (rapid)"]
[EventRounds "9"]
[EventCountry "SUI"]
[SourceTitle "EXT 2025"]
[Source "ChessBase"]
[SourceDate "2024.10.14"]
[SourceVersion "1"]
[SourceVersionDate "2024.10.14"]
[SourceQuality "1"]

1. Nf3 d5 2. g3 Bg4 3. Bg2 Nd7 4. 0-0 c6 5. d3 e5 6. Nbd2 Ngf6 7. e4 dxe4 8. dxe4 Bc5 9. Re1 0-0 10. c3 a5 11. a4 Qb6 12. Rf1 Rad8 13. Qc2 Qa6 14. h3 Bh5 15. g4 Bg6 16. Nh4 Nb6 17. Re1 Nc8 18. Nf5 Rfe8 19. Bf1 Qa7 20. Nc4 Nd6 21. Ncxd6 Bxd6 22. Be3 Bc5 23. Bxc5 Qxc5 24. Rad1 Bxf5 25. gxf5 g6 26. fxg6 hxg6 27. Qe2 Kg7 28. Qc4 Qxc4 29. Bxc4 Nh5 30. Kg2 Kf6 31. b4 axb4 32. cxb4 g5 33. b5 cxb5 34. Bxb5 Rh8 35. Rd7 Nf4+ 36. Kf1 Rxh3 37. Kg1 Rdh8 38. f3 Rh1+ 39. Kf2 R8h2+ 0-1

[Event "Biel Rapid op 57th"]
[Site "Biel"]
[Date "2024.07.14"]
[Round "2"]
[White "Hasannudin, Zenathan Adnin"]
[Black "Chappaz, Max"]
[Result "0-1"]
[WhiteElo "1533"]
[BlackElo "1854"]
[PlyCount "66"]
[EventDate "2024.07.14"]
[EventType "swiss (rapid)"]
[EventRounds "9"]
[EventCountry "SUI"]
[SourceTitle "EXT 2025"]
[Source "ChessBase"]
[SourceDate "2024.10.14"]
[SourceVersion "1"]
[SourceVersionDate "2024.10.14"]
[SourceQuality "1"]

1. e4 e6 2. d4 d5 3. e5 c5 4. c3 Qb6 5. Nf3 Nc6 6. Bd3 cxd4 7. cxd4 Bd7 8. a3 Nxd4 9. 0-0 Nb3 10. Ra2 Nxc1 11. Qxc1 Rc8 12. Qd2 Bb5 13. Nc3 Bxd3 14. Qxd3 Ne7 15. Nb5 Nf5 16. b4 a6 17. Nbd4 Nxd4 18. Nxd4 Be7 19. Re2 Rc4 20. Nf3 0-0 21. Nd2 Rc7 22. Re3 Rfc8 23. Rh3 g6 24. Qg3 Rc1 25. Qf4 Bf8 26. Rxh7 Kxh7 27. Qxf7+ Bg7 28. h4 Qd4 29. Nf3 Rxf1+ 30. Kh2 Kh8 31. Qxg6 Qf4+ 32. Kh3 Rh1+ 33. Nh2 Rxh2# 0-1